[Event "12th New York International 2019"]
[Site "New York"]
[Date "2019.07.13"]
[Round "5.2"]
[White "Zherebukh, Yaroslav"]
[Black "Rozman, Levy"]
[Result "1-0"]
[WhiteElo "2628"]
[BlackElo "2382"]
[Annotator "TA"]
[PlyCount "95"]
[EventDate "2019.07.11"]
[EventType "swiss"]
[EventCountry "USA"]
[SourceTitle "playchess.com"]
[Source "ChessBase"]
[SourceQuality "1"]

{[%evp 9,95,18,18,20,17,20,20,16,18,6,12,15,24,20,18,15,39,39,39,27,39,43,51,53,50,51,40,40,40,40,40,42,40,38,40,40,47,47,61,57,73,47,48,49,49,22,22,30,29,29,31,21,37,22,22,24,21,7,7,7,31,31,38,30,39,39,39,39,39,0,8,8,8,0,80,84,298,352,315,315,308,292,364,313,432,414,623,619]} 1. Nf3 d5 2. b3 Bg4 3. Bb2 Bxf3 4. exf3 Nf6 (4... e6 5. g3 Nf6 6. Bg2 Be7 7. O-O O-O 8. d3 c6 9. Nd2 Nbd7 10. f4 a5 11. a3 Ne8 12. Nf3 Rc8 {1-0 (66) Nakamura,H (2763)-Vidit,S (2711) chess.com INT 2018}) 5. g3 c5 6. Bg2 {A06: Réti Opening:1 Nf3 d5} Nc6 7. O-O e6 8. f4 {The position is equal.} Bd6 $146 ({Predecessor:} 8... Be7 9. d3 O-O 10. Nd2 Nd7 11. c4 Bf6 12. Bxf6 Nxf6 13. cxd5 exd5 {0-1 (62) Pultinevicius,P (2371)-Fridman,D (2633) Katowice 2017}) 9. d3 O-O 10. Nd2 e5 11. fxe5 Bxe5 12. c3 d4 13. c4 Qd7 14. a3 a5 15. Bc1 Rfe8 16. Ne4 Nxe4 17. Bxe4 Bd6 18. f4 f5 19. Bd5+ Kh8 20. Bd2 g6 21. Qf3 Kg7 22. Rae1 Bc7 23. Kf2 Rab8 24. Rxe8 Rxe8 25. Re1 Rxe1 26. Kxe1 Nd8 27. Kd1 b6 28. Kc2 Bd6 29. Kb2 Qe7 30. Qf2 Nf7 31. Bg2 Nh6 {Threatening ...Ng4.} 32. h3 Ng8 33. Qf3 Nf6 34. Kc2 Qc7 35. g4 fxg4 36. hxg4 {Black must now prevent g5.} h5 37. gxh5 Nxh5 {[%cal Rd6f4]} 38. f5 {Threatens to win with Qg4.} Bf4 $1 {[%cal Rf4d2]} 39. Be1 Qe7 40. Bf2 Be3 41. fxg6 Nf4 (41... Bxf2 $1 $11 42. Qxf2 (42. Qxh5 Qe1 $11) 42... Qe3 43. Qf7+ Kh6) 42. Bg3 $36 {[%mdl 2048] White is on the roll.} Nxg6 $2 {[#]} (42... Nxg2 $16 43. Qh5 (43. Qxg2 Bg5 $16) 43... Kg8) 43. Qf5 $1 $18 Bf4 44. Bxf4 ({Weaker is} 44. Be4 Qf6 $14) 44... Qe2+ 45. Bd2 Qxg2 46. Qd7+ Kg8 47. Qe6+ Kh7 (47... Kg7 $142 48. Qxb6 {[%mdl 64] Double Attack} Qf1 49. Qc7+ Kg8 50. Qxc5 Qa1 51. Qc8+ Kg7 52. Qb7+ Kf6 53. Qc6+ Kf7 54. Qd5+ Kg7 55. Qd7+ Kf6 56. Qc6+ Kf7 57. Qd5+ Kg7 58. Qd7+ Kf6 59. Qc6+) 48. Qxb6 {[%mdl 64] Double Attack. Accuracy: White = 72%, Black = 51%.} 1-0

[Event "12th New York International 2019"]
[Site "New York"]
[Date "2019.07.13"]
[Round "5.3"]
[White "Paragua, Mark"]
[Black "Tremblay, Rejean"]
[Result "1-0"]
[WhiteElo "2503"]
[BlackElo "2192"]
[Annotator "ChessBase"]
[PlyCount "51"]
[EventDate "2019.07.11"]
[EventType "swiss"]
[EventCountry "USA"]
[SourceTitle "playchess.com"]
[Source "ChessBase"]
[SourceQuality "1"]
[TimeControl "5400+30"]

1. e4 {[%emt 0:00:00]} c5 {[%emt 0:03:58]} 2. Nf3 {[%emt 0:00:00]} d6 {[%emt 0:00:08]} 3. d4 {[%emt 0:00:00]} cxd4 {[%emt 0:00:04]} 4. Nxd4 {[%emt 0:00:00]} Nf6 {[%emt 0:00:04]} 5. Nc3 {[%emt 0:00:01]} a6 {[%emt 0:00:02]} 6. Be3 {[%emt 0:00:23]} e5 {[%emt 0:03:39]} 7. Nb3 {[%emt 0:00:18]} Be7 {[%emt 0:00:19]} 8. h3 {[%emt 0:01:58]} Be6 {[%emt 0:02:36]} 9. Qf3 {[%emt 0:02:20]} Nbd7 {[%emt 0:09:35]} 10. g4 {[%emt 0:02:56]} O-O {[%emt 0:01:13]} 11. O-O-O {[%emt 0:00:57]} Rc8 {[%emt 0:01:16]} 12. g5 {[%emt 0:02:34]} Ne8 {[%emt 0:00:06]} 13. h4 {[%emt 0:00:37]} b5 {[%emt 0:01:16]} 14. Nd5 {[%emt 0:05:09]} Bxd5 {[%emt 0:00:31]} 15. exd5 {[%emt 0:00:11]} Qc7 {[%emt 0:01:44]} 16. Bd3 {[%emt 0:00:29]} Bd8 {[%emt 0:22:15]} 17. h5 {[%emt 0:02:19]} f5 {[%emt 0:01:20]} 18. gxf6 {[%emt 0:03:35]} Rxf6 {[%emt 0:06:11]} 19. Qg4 {[%emt 0:04:24]} Nf8 {[%emt 0:10:32]} 20. Na5 {[%emt 0:10:22]} Rf7 {[%emt 0:04:55]} 21. Nc6 {[%emt 0:04:54]} Bf6 {[%emt 0:00:09]} 22. Bg6 {[%emt 0:02:19]} hxg6 {[%emt 0:02:37]} 23. hxg6 {[%emt 0:00:05]} Rd7 {[%emt 0:00:31]} 24. Rh3 {[%emt 0:01:58]} Qb7 {[%emt 0:03:39]} 25. Rdh1 {[%emt 0:00:15]} Nxg6 {[%emt 0:00:20]} 26. Qxg6 {[%emt 0:00:11]} 1-0

[Event "12th New York International 2019"]
[Site "New York"]
[Date "2019.07.13"]
[Round "5.4"]
[White "Korley, Kassa"]
[Black "Zhou, Liran"]
[Result "1/2-1/2"]
[WhiteElo "2437"]
[BlackElo "2314"]
[Annotator "ChessBase"]
[PlyCount "106"]
[EventDate "2019.07.11"]
[EventType "swiss"]
[EventCountry "USA"]
[SourceTitle "playchess.com"]
[Source "ChessBase"]
[SourceQuality "1"]
[TimeControl "5400+30"]

1. d4 {[%emt 0:00:00]} Nf6 {[%emt 0:00:00]} 2. c4 {[%emt 0:00:00]} g6 {[%emt 0:00:00]} 3. Nf3 {[%emt 0:01:01]} Bg7 {[%emt 0:00:02]} 4. Nc3 {[%emt 0:00:12]} O-O {[%emt 0:00:12]} 5. e4 {[%emt 0:00:04]} d6 {[%emt 0:00:09]} 6. Be2 {[%emt 0:00:11]} e5 {[%emt 0:00:14]} 7. d5 {[%emt 0:00:06]} a5 {[%emt 0:00:06]} 8. Be3 {[%emt 0:00:49]} Ng4 {[%emt 0:02:32]} 9. Bg5 {[%emt 0:00:03]} f6 {[%emt 0:00:10]} 10. Bd2 {[%emt 0:00:59]} Na6 {[%emt 0:03:56]} 11. O-O {[%emt 0:10:00]} f5 {[%emt 0:07:57]} 12. exf5 {[%emt 0:00:13]} gxf5 {[%emt 0:00:41]} 13. Ng5 {[%emt 0:03:22]} Nf6 {[%emt 0:02:28]} 14. f4 {[%emt 0:01:15]} e4 {[%emt 0:03:05]} 15. Be3 {[%emt 0:01:57]} Nc5 {[%emt 0:09:10]} 16. Nh3 {[%emt 0:00:28]} Bd7 {[%emt 0:03:35]} 17. Nf2 {[%emt 0:00:05]} Qe8 {[%emt 0:02:02]} 18. Qd2 {[%emt 0:00:06]} Kh8 {[%emt 0:03:09]} 19. Kh1 {[%emt 0:00:06]} Rg8 {[%emt 0:10:57]} 20. Rg1 {[%emt 0:00:11]} h6 {[%emt 0:14:46]} 21. g3 {[%emt 0:01:34]} c6 {[%emt 0:13:03]} 22. Rad1 {[%emt 0:00:19]} cxd5 {[%emt 0:01:04]} 23. Nxd5 {[%emt 0:07:38]} Nxd5 {[%emt 0:02:09]} 24. cxd5 {[%emt 0:00:03]} Qf7 {[%emt 0:07:41]} 25. h3 {[%emt 0:03:32]} Na4 {[%emt 0:04:19]} 26. g4 {[%emt 0:00:07]} Nxb2 {[%emt 0:00:31]} 27. Rb1 {[%emt 0:00:39]} Na4 {[%emt 0:04:13]} 28. Rxb7 {[%emt 0:00:39]} Nc3 {[%emt 0:00:49]} 29. g5 {[%emt 0:07:12]} Qxd5 {[%emt 0:02:01]} 30. Qxd5 {[%emt 0:03:05]} Nxd5 {[%emt 0:00:05]} 31. gxh6 {[%emt 0:00:02]} Bf6 {[%emt 0:01:15]} 32. Rxg8+ {[%emt 0:00:14]} Rxg8 {[%emt 0:00:07]} 33. Rxd7 {[%emt 0:00:06]} Nxe3 {[%emt 0:00:04]} 34. Rxd6 {[%emt 0:00:18]} Bh4 {[%emt 0:02:28]} 35. Nd1 {[%emt 0:00:02]} Nxd1 {[%emt 0:00:33]} 36. Bxd1 {[%emt 0:00:45]} Bg3 {[%emt 0:00:31]} 37. Bb3 {[%emt 0:00:41]} Bxf4 {[%emt 0:00:20]} 38. Bxg8 {[%emt 0:01:58]} Bxd6 {[%emt 0:00:04]} 39. Be6 {[%emt 0:00:18]} f4 {[%emt 0:00:10]} 40. Bd5 {[%emt 0:00:10]} e3 {[%emt 0:00:14]} 41. Bf3 {[%emt 0:00:04]} Kh7 {[%emt 0:00:03]} 42. h4 {[%emt 0:00:26]} Kxh6 {[%emt 0:00:04]} 43. Kg2 {[%emt 0:00:11]} a4 {[%emt 0:00:28]} 44. Kf1 {[%emt 0:00:04]} a3 {[%emt 0:00:06]} 45. Ke2 {[%emt 0:00:04]} Be7 {[%emt 0:00:03]} 46. h5 {[%emt 0:00:04]} Kg5 {[%emt 0:00:03]} 47. Kd3 {[%emt 0:00:12]} Bf8 {[%emt 0:00:08]} 48. Ke2 {[%emt 0:00:36]} Bh6 {[%emt 0:00:07]} 49. Kd3 {[%emt 0:00:09]} Kf5 {[%emt 0:00:38]} 50. Ke2 {[%emt 0:00:07]} Ke5 {[%emt 0:00:14]} 51. Kd3 {[%emt 0:00:02]} Bg7 {[%emt 0:00:31]} 52. Bg4 {[%emt 0:00:04]} Bh6 {[%emt 0:00:48]} 53. Bf3 {[%emt 0:00:04]} Kf5 {[%emt 0:00:20] Ke4+ Ke5+} 1/2-1/2

[Event "12th New York International 2019"]
[Site "New York"]
[Date "2019.07.13"]
[Round "6.1"]
[White "Zherebukh, Yaroslav"]
[Black "Rohde, Michael"]
[Result "1-0"]
[WhiteElo "2628"]
[BlackElo "2332"]
[Annotator "TA"]
[PlyCount "69"]
[EventDate "2019.07.11"]
[EventType "swiss"]
[EventCountry "USA"]
[SourceTitle "playchess.com"]
[Source "ChessBase"]
[SourceQuality "1"]

{[%evp 10,69,20,5,14,0,4,-20,0,0,1,0,0,-4,2,0,2,-1,11,0,8,0,16,-2,-8,-16,0,-31,-35,-69,-67,-68,-39,-48,0,0,0,-63,0,0,43,17,12,0,211,35,60,65,56,0,104,40,154,45,361,192,1518,1528,1563,1504,1495,1462]} 1. Nf3 Nf6 2. g3 d5 3. Bg2 c6 4. O-O Bf5 5. d3 e6 6. Nh4 Bg4 {A07: Réti Opening: New York and Capablanca Systems} 7. Qe1 (7. h3 Bh5 8. Qe1 Be7 9. f4 Nfd7 10. Nf3 Bxf3 11. Bxf3 O-O 12. e4 dxe4 13. dxe4 e5 14. Nd2 {0-1 (41) Nisipeanu,L (2672)-Wojtaszek,R (2737) Antalya 2017}) 7... Be7 8. Nd2 c5 {The position is equal.} 9. h3 Bh5 10. f4 $146 ({Predecessor:} 10. g4 Nfd7 11. gxh5 Bxh4 12. e4 d4 13. e5 Nc6 14. Nf3 O-O {½-½ (44) Landa,K (2560)-Gretarsson,H (2450) Cappelle-la-Grande 1996}) 10... Nc6 {Black wants to play ...Nd4.} 11. c3 Nd7 12. e4 d4 13. Nhf3 {Black must now prevent g4.} f6 14. e5 fxe5 15. Nc4 {[%cal Rf3e5]} Qc7 16. Nfxe5 Ndxe5 17. fxe5 O-O-O 18. Bf4 g5 19. Nd6+ Kb8 20. Bd2 Rdf8 21. g4 Bg6 22. Qg3 $1 a6 23. Nc4 (23. Rae1 $11) 23... Qd7 (23... Rd8 $15 24. Nd6 Bxd6 25. exd6 Qxd6 26. Qxd6+ Rxd6) 24. Nd6 $11 Ka7 25. cxd4 Nxd4 {Strongly threatening ...Ne2+.} 26. Kh1 Nb5 $2 (26... h5 $11 {and Black has nothing to worry.}) 27. Be3 $2 (27. Nxb7 $18 {Be3 is the strong threat.} Rb8 28. Na5) 27... b6 {[%cal Rb5d6]} 28. Nxb5+ $1 Qxb5 29. Rfc1 (29. Rf6 $14) 29... Rd8 (29... Qxd3 $6 30. Rd1 $18) (29... Qxb2 $11 {keeps the balance.} 30. a4 a5) 30. d4 ({But not} 30. Qf3 $6 Rd5 $11) (30. a4 $1 $16 {[%cal Ra4b5]} Qxb2 31. d4 $1 {[%mdl 512]}) 30... Rhf8 ({Black should try} 30... Qxb2 $14 31. a4 (31. Qf3 Rd5 $11) 31... Rhf8) 31. a4 ({Better is} 31. Qe1 $16) 31... Qb3 $2 {[%mdl 8192]} (31... Qxb2 $14 32. Qe1 {[#]} Rd5 $1 {[%mdl 512]}) 32. dxc5 (32. a5 $142 Rxd4 33. axb6+ Kxb6 34. Rc3 (34. Qe1 Qb4 $16) 34... Qxb2 35. Rca3) 32... Bxc5 $2 (32... Kb8) 33. Rxc5 $18 {White is clearly winning.} Rd1+ 34. Rxd1 Qxd1+ 35. Kh2 {Accuracy: White = 32%, Black = 14%.} 1-0

[Event "12th New York International 2019"]
[Site "New York"]
[Date "2019.07.13"]
[Round "6.2"]
[White "Brodsky, David"]
[Black "Paragua, Mark"]
[Result "0-1"]
[WhiteElo "2432"]
[BlackElo "2503"]
[Annotator "TA"]
[PlyCount "160"]
[EventDate "2019.07.11"]
[EventType "swiss"]
[EventCountry "USA"]
[SourceTitle "playchess.com"]
[Source "ChessBase"]
[SourceQuality "1"]

{[%evp 15,160,2,12,10,12,0,-2,-18,-18,-21,-19,-25,-18,-20,-28,-26,-27,-20,-21,-25,-22,-33,-36,-43,-30,-56,-69,-58,-44,-49,-54,-52,-31,-104,-29,-66,-57,-90,-54,-46,0,-27,18,-14,-14,-35,0,-21,0,-23,-22,-18,0,0,0,0,37,38,60,43,43,-56,-56,-52,196,-67,-56,-59,-31,-21,-16,-23,0,0,-8,-76,-25,-75,-76,-77,-70,-179,-67,-238,-246,-271,-190,-134,-78,-67,-90,-50,-50,-204,-50,-45,115,-50,0,-41,0,-95,-108,-478,-485,-466,-325,-295,-310,-285,-263,-263,-221,-399,-384,-398,0,-313,-252,-335,-325,-393,-410,-573,-583,-588,-576,-925,-590,-596,-583,-29968,-29972,-29971,-29971,-29960,-29946,-29984,-29985,-29985,-29986,-29986,-29986,-29986,-29987,-29987,-29987]} 1. e4 c5 2. Nf3 d6 3. d4 cxd4 4. Nxd4 Nf6 5. Nc3 a6 6. Be3 e5 7. Nb3 Be6 8. Qd2 Nbd7 9. O-O-O $146 {B90: Sicilian Najdorf: Unusual White 6th moves, 6 Be3 Ng4 and 6 Be3 e5} (9. f4 Rc8 10. O-O-O h5 11. Kb1 Be7 12. Bd3 b5 13. h3 h4 14. Rhf1 Qc7 15. a3 Nb6 16. Bxb6 Qxb6 17. Rde1 {0-1 (52) Svidler,P (2756)-Indjic,A (2604) Porto Carras 2018}) ({Predecessor:} 9. f4 b5 10. f5 Bc4 11. O-O-O {½-½ (41) Vasquez Nigro,D (2020)-Luers,C (1934) LSS email 2010}) 9... b5 10. f4 Be7 11. f5 {The position is equal.} Bc4 12. Kb1 O-O 13. g4 Nxg4 14. Rg1 Nxe3 15. Qxe3 {Threatens to win with Qh6.} Bxb3 16. axb3 Kh8 17. Nd5 Nf6 18. Nxf6 Bxf6 19. c4 Qb8 20. Qd2 Qa7 21. Rg3 Rfc8 22. Qe3 Qb8 23. Qd2 Qb7 24. Qe3 (24. Qd5 $15 Qa7 25. Qd2) 24... Rab8 (24... Rc6 $17) 25. Rg2 Rc6 26. Rd5 bxc4 27. Bxc4 Qb4 28. Qd2 Bd8 29. Qxb4 (29. Rd3 {feels hotter.} Qxd2 30. Rgxd2 f6 31. Rxd6 Rxd6 32. Rxd6 a5 33. Ka2) 29... Rxb4 30. Rc2 a5 31. Rdd2 g6 32. fxg6 fxg6 33. Rf2 Bg5 34. Rf8+ Kg7 35. Rf7+ Kh6 36. Rc3 Bf4 37. Rh3+ Kg5 38. Rhxh7 (38. Rfxh7 $14 Kf6 39. Rc3) 38... a4 $1 $15 {[%cal Ra4b3]} 39. Be6 {[%csl Gh7][%cal Rh2h4]} Rc1+ 40. Ka2 {[%csl Gh7][%cal Rh2h4]} Rh1 41. Ka3 Rxe4 {[%cal Rh1a1]} 42. bxa4 Bd2 ({Don't play} 42... Rxh2 43. Rxh2 Bxh2 44. a5 $14) 43. Kb3 Rc1 {Threatening ...Rb4+.} 44. Rf2 Rb4+ 45. Ka3 (45. Ka2 $1 $11 Rxa4+ 46. Kb3 Rb4+ 47. Ka2) 45... Ra1+ $17 46. Ba2 Rd4 {Hoping for ...Rd3+.} 47. Rg2+ Kf5 {And now ...Rd3+ would win.} 48. Rf7+ Ke4 {...Rd3+ is the strong threat.} 49. Rg3 $2 ({White must play} 49. b4 $1 $15) 49... d5 $19 50. Rb7 Be3 51. Rb3 Bf4 ({Black should play} 51... Bf2 52. Rgc3 Be1) 52. Rxg6 $17 {next a5 is good for White.} Kf5 $1 {[%cal Rf5g6]} 53. Rg8 Bg5 {[%mdl 1024] ( -> ...Be7+). Black has compensation.} 54. Re8 $2 (54. Rf8+ $1 $15 Ke4 55. Rf7) 54... Bd2 $2 (54... Rh4 $19 55. Rg3 Bc1 56. Rf8+ Ke4) 55. Rf8+ $1 $15 Ke6 $2 (55... Ke4 $15 {stays ahead.}) 56. Re8+ $2 (56. Rb6+ $16 Ke7 57. Rh8 Rd3+ 58. b3) 56... Kd6 57. Rd8+ Ke7 58. Rdb8 (58. Ra8 $11 {keeps the balance.}) 58... e4 $17 59. Rh3 $2 {[%mdl 8192]} (59. R3b6 $17 {nothing else works.}) 59... Bf4 $19 60. Rh7+ Ke6 61. Rb6+ Bd6+ 62. Kb3 Rd3+ 63. Kc2 Rxa2 64. Rh6+ $2 (64. Ra6 Ra1 65. Rh6+ Ke5 66. Rhxd6) 64... Ke5 65. Rh5+ Ke6 66. Rh6+ Kf5 67. Rbxd6 Rxa4 {[%mdl 4096] Endgame KRR-KRR} 68. Rhf6+ {[#]} Ke5 $1 69. Rde6+ (69. Rh6 $142 Rc4+ 70. Kb1) 69... Kd4 70. Rc6 Rh3 71. Rf2 Ke3 72. Rd2 {Strongly threatening Rc3+.} d4 73. Rd6 Rc4+ {Black mates.} 74. Kb3 Kxd2+ {[%mdl 64] Discovered Attack} 75. Kxc4 {KR-KR} d3 76. b4 Kc2 77. Ra6 d2 78. Ra2+ Kc1 79. Ra1+ {[#]} Kb2 $1 {[%mdl 512]} 80. Rg1 Kc2 {Accuracy: White = 34%, Black = 58%.} 0-1

[Event "12th New York International 2019"]
[Site "New York"]
[Date "2019.07.13"]
[Round "6.3"]
[White "Khamrakulov, Djurabek"]
[Black "Kim, Yoon-Young"]
[Result "1-0"]
[WhiteElo "2506"]
[BlackElo "2322"]
[Annotator "TA"]
[PlyCount "97"]
[EventDate "2019.07.11"]
[EventType "swiss"]
[EventCountry "USA"]
[SourceTitle "playchess.com"]
[Source "ChessBase"]
[SourceQuality "1"]

{[%evp 14,129,1,9,0,-4,25,0,0,-3,7,-10,-10,-30,-15,-24,-14,-25,0,0,0,0,0,-8,0,0,16,0,0,0,18,14,38,33,36,20,20,18,16,7,12,0,0,0,0,0,0,-8,0,-31,0,0,0,0,0,0,45,3,6,-23,0,-12,8,0,0,0,27,23,21,0,0,0,0,0,0,0,0,0,0,0,17,-6,0,0,0,0,0,0,0,0,0,0,8,20,15,10,21,8,11,0,131,109,190,184,158,159,29986,29987,29987,29988,29988,29989,29989,29990,29996,29997,29997,29998]} 1. e4 e5 2. Nf3 Nc6 3. d4 exd4 4. Nxd4 Nf6 5. Nc3 Bb4 6. Nxc6 bxc6 7. Bd3 d5 8. exd5 O-O {C47: Scotch Four Knights and Four Knights with 4 g3} 9. O-O Bg4 (9... cxd5 {is interesting.} 10. Bf4 Bg4 11. Qc1 c5 12. h3 Bd7) (9... cxd5 10. Bg5 c6 11. Qf3 Bd6 12. Rae1 Rb8 13. Nd1 h6 14. Bxf6 Qxf6 15. Qxf6 gxf6 16. b3 Kg7 17. Ne3 Re8 18. Nf5+ Bxf5 19. Bxf5 Re5 20. Bd7 Rb6 21. g3 {½-½ (43) Rapport,R (2726)-Ding,L (2809) Shenzhen 2019}) 10. Be2 Bxe2 {The position is equal.} 11. Nxe2 cxd5 12. Nd4 $146 ({Predecessor:} 12. Bg5 Be7 13. Qd3 Re8 14. c4 dxc4 15. Qxc4 Ne4 16. Bxe7 Qxe7 {½-½ (30) Tari,A (2618)-Matlakov,M (2683) Porto Carras 2018}) 12... Qd7 13. Qf3 Rfe8 14. c3 Bd6 15. Rd1 Re5 16. Bf4 Ree8 17. Bxd6 Qxd6 18. Nf5 Qe5 19. h3 Rab8 20. b3 Ne4 21. Rd3 Re6 22. Nd4 Rf6 23. Qe3 Qd6 ({Wrong is} 23... Rxf2 $2 24. Nc6 $18) 24. f3 Nc5 25. Rd2 h6 26. Rad1 Qb6 27. Qe5 c6 28. Kh1 Nd7 29. Qe7 Nf8 30. Re1 Ng6 31. Qd7 Nf8 32. Qg4 Rg6 33. Qh4 Rf6 34. Qh5 Ne6 35. Qg4 {[%cal Rd4e6]} Nxd4 36. cxd4 Qc7 37. Re5 Rd8 38. Rde2 Qd6 39. h4 Qa3 40. Kh2 Qd6 41. g3 Kh7 42. f4 Qb4 43. f5 c5 44. Qf4 cxd4 45. Rd2 Rc6 46. Ree2 Rcd6 47. g4 Qb5 48. Re7 R8d7 49. Ree2 {Played: Re7xf7} 1-0

[Event "12th New York International 2019"]
[Site "New York"]
[Date "2019.07.13"]
[Round "6.4"]
[White "Huang, Gary"]
[Black "Korley, Kassa"]
[Result "0-1"]
[WhiteElo "2107"]
[BlackElo "2437"]
[Annotator "NA"]
[PlyCount "108"]
[EventDate "2019.07.11"]
[EventType "swiss"]
[EventCountry "USA"]
[SourceTitle "playchess.com"]
[Source "ChessBase"]
[SourceQuality "1"]
[TimeControl "5400+30"]

1. g3 {[%emt 0:00:00]} d5 {[%emt 0:00:00]} 2. Nf3 {[%emt 0:00:30]} c6 {[%emt 0:00:05]} 3. Bg2 {[%emt 0:00:06]} Nf6 {[%emt 0:00:07]} 4. O-O {[%emt 0:00:07]} Bf5 {[%emt 0:00:03]} 5. d3 {[%emt 0:00:21]} e6 {[%emt 0:00:11]} 6. Nbd2 {[%emt 0:00:16]} h6 {[%emt 0:00:04]} 7. Qe1 {[%emt 0:01:24]} Be7 {[%emt 0:00:15]} 8. b3 {[%emt 0:02:22]} a5 {[%emt 0:00:10]} 9. a3 {[%emt 0:00:38]} O-O {[%emt 0:00:36]} 10. e4 {[%emt 0:02:48]} Bh7 {[%emt 0:00:03]} 11. Bb2 {[%emt 0:02:03]} Na6 {[%emt 0:01:22]} 12. Ne5 {[%emt 0:05:40]} Nc5 {[%emt 0:00:13]} 13. f4 {[%emt 0:02:11]} Nfd7 {[%emt 0:12:40]} 14. Kh1 {[%emt 0:16:39]} Nxe5 {[%emt 0:00:05]} 15. Bxe5 {[%emt 0:00:54]} Re8 {[%emt 0:02:02]} 16. Qf2 {[%emt 0:03:16]} Nd7 {[%emt 0:00:59]} 17. Bd4 {[%emt 0:02:54]} Bf8 {[%emt 0:05:09]} 18. g4 {[%emt 0:07:34]} dxe4 {[%emt 0:00:45]} 19. Nxe4 {[%emt 0:01:12]} Bxe4 {[%emt 0:01:03]} 20. Bxe4 {[%emt 0:05:22]} Nf6 {[%emt 0:00:24]} 21. Bf3 {[%emt 0:05:09]} Nd5 {[%emt 0:00:06]} 22. g5 {[%emt 0:01:41]} g6 {[%emt 0:01:29]} 23. h4 {[%emt 0:02:32]} h5 {[%emt 0:01:33]} 24. c4 {[%emt 0:10:03]} Ne7 {[%emt 0:00:29]} 25. Be4 {[%emt 0:00:34]} Qd7 {[%emt 0:01:19]} 26. Rad1 {[%emt 0:04:02]} Bg7 {[%emt 0:06:16]} 27. Be5 {[%emt 0:01:41]} Rad8 {[%emt 0:00:31]} 28. Qc5 {[%emt 0:05:18]} Ra8 {[%emt 0:00:43]} 29. Rfe1 {[%emt 0:01:14]} Red8 {[%emt 0:01:51]} 30. Bf6 {[%emt 0:02:24]} Bf8 {[%emt 0:00:40]} 31. Qe5 {[%emt 0:00:57]} Re8 {[%emt 0:00:50]} 32. Qb2 {[%emt 0:01:53]} Nc8 {[%emt 0:00:58]} 33. Be5 {[%emt 0:02:45]} Nd6 {[%emt 0:00:19]} 34. d4 {[%emt 0:00:32]} a4 {[%emt 0:00:46]} 35. Bd3 {[%emt 0:01:21]} axb3 {[%emt 0:00:23]} 36. Qxb3 {[%emt 0:00:28]} Nf5 {[%emt 0:01:03]} 37. a4 {[%emt 0:01:53]} Nxh4 {[%emt 0:01:34]} 38. Be4 {[%emt 0:00:09]} Bd6 {[%emt 0:06:24]} 39. Rd3 {[%emt 0:00:08]} Qc7 {[%emt 0:01:59]} 40. c5 {[%emt 0:00:16]} Bxe5 {[%emt 0:00:08]} 41. dxe5 {[%emt 0:00:21]} Qa5 {[%emt 0:00:09]} 42. Re2 {[%emt 0:00:44]} Qxc5 {[%emt 0:00:22]} 43. Rc2 {[%emt 0:00:58]} Qa5 {[%emt 0:00:09]} 44. Rd4 {[%emt 0:00:53]} Qe1+ {[%emt 0:00:16]} 45. Kh2 {[%emt 0:00:02]} Rad8 {[%emt 0:02:27]} 46. Qd3 {[%emt 0:00:23]} Rxd4 {[%emt 0:01:17]} 47. Qxd4 {[%emt 0:00:01]} Ra8 {[%emt 0:02:50]} 48. Rb2 {[%emt 0:00:33]} c5 {[%emt 0:01:35]} 49. Qd3 {[%emt 0:01:36]} Nf5 {[%emt 0:10:21]} 50. Bxf5 {[%emt 0:01:26]} exf5 {[%emt 0:00:01]} 51. e6 {[%emt 0:06:38]} Qxe6 {[%emt 0:00:31]} 52. Rxb7 {[%emt 0:00:08]} Re8 {[%emt 0:02:42]} 53. Qc2 {[%emt 0:00:57]} Qe3 {[%emt 0:00:30]} 54. Qc4 {[%emt 0:00:27]} Qf2+ {[%emt 0:00:07]} 0-1

[Event "12th New York International 2019"]
[Site "New York"]
[Date "2019.07.13"]
[Round "7.1"]
[White "Paragua, Mark"]
[Black "Zherebukh, Yaroslav"]
[Result "1/2-1/2"]
[WhiteElo "2503"]
[BlackElo "2628"]
[Annotator "TA"]
[PlyCount "66"]
[EventDate "2019.07.11"]
[EventType "swiss"]
[EventCountry "USA"]
[SourceTitle "playchess.com"]
[Source "ChessBase"]
[SourceQuality "1"]

{[%evp 12,66,10,25,45,0,8,0,0,0,4,0,0,0,0,0,0,-17,-18,-20,0,0,0,-12,-14,-20,-28,-25,-20,-29,-16,-23,-22,-44,-44,-44,-44,-44,-44,-44,-44,-47,-47,-54,-49,-59,-43,-68,-31,-35,-18,-15,-16,-32,-34,-33,0]} 1. d4 Nf6 2. c4 g6 3. Nc3 d5 4. Nf3 Bg7 5. Qb3 dxc4 6. Qxc4 O-O 7. e4 Be6 {D97: Grünfeld: Russian System: 7 e4, replies other than 7...Bg4} (7... Nc6 8. Be2 e5 9. d5 Nd4 10. Nxd4 exd4 11. Qxd4 c6 12. Qc4 b5 13. Qxc6 Bd7 14. Qd6 Re8 15. Bg5 Rb8 16. a3 {½-½ (31) Giri,A (2783)-Mamedyarov,S (2817) Wijk aan Zee 2019}) 8. Qa4 c5 9. d5 Bd7 {The position is equal.} 10. Qb3 {Black should prevent e5.} b5 11. Bxb5 Nxe4 $1 12. Nxe4 {Black must now prevent Be2.} Qa5+ {[%mdl 64] [#] Double Attack} 13. Bd2 Qxb5 14. Bc3 $146 ({Predecessor:} 14. Qxb5 Bxb5 15. Bc3 {0-1 (41) Voit,D (2420)-Kulaots,K (2597) Minsk 2017}) 14... Qxb3 15. axb3 Bf5 16. Nxc5 Rd8 17. Rd1 Nd7 18. Nxd7 (18. b4 {seems wilder.} Nf6 19. Ne5 Nxd5 20. Nc6 Rdc8 21. Rxd5 Rxc6 22. Ke2) 18... Rxd7 19. Bxg7 Kxg7 20. Ne5 Rb7 21. Nc6 Bc2 22. Rd2 Bxb3 23. Na5 Rb5 24. Nxb3 Rxb3 $15 {[%mdl 4096] Endgame KRR-KRR} 25. Ke2 Rab8 26. Ra1 R8b7 27. Ra2 h5 28. h4 R3b5 29. Ke3 Kf6 30. d6 {[#] Hoping for d7.} exd6 31. Rxd6+ Kf5 32. Rd3 Rb4 33. Rda3 Ke5 {Accuracy: White = 42%, Black = 60%.} 1/2-1/2

[Event "12th New York International 2019"]
[Site "New York"]
[Date "2019.07.13"]
[Round "7.2"]
[White "Rohde, Michael"]
[Black "Khamrakulov, Djurabek"]
[Result "1/2-1/2"]
[WhiteElo "2332"]
[BlackElo "2506"]
[Annotator "TA"]
[PlyCount "26"]
[EventDate "2019.07.11"]
[EventType "swiss"]
[EventCountry "USA"]
[SourceTitle "playchess.com"]
[Source "ChessBase"]
[SourceQuality "1"]

{[%evp 11,26,23,36,23,23,25,48,42,86,81,87,79,83,97,94,104,135]} 1. Nf3 Nf6 2. c4 e6 3. Nc3 Bb4 4. Qc2 c5 5. e3 O-O 6. a3 Ba5 7. Be2 {A17: English Opening: 1...Nf6 with ...Bb4} Nc6 8. O-O e5 9. d4 {White is slightly better.} (9. b3 Re8 10. Bb2 d6 11. Rad1 Bg4 12. d3 h6 13. Ne4 Nxe4 14. dxe4 {½-½ (133) Bu,X (2698)-Zhou,J (2635) Shenzhen 2016}) 9... d6 10. dxc5 {White is better.} dxc5 11. Rd1 Qe8 12. Nd5 {And now Ng5 would win.} Bd8 13. b3 $146 ({Predecessor:} 13. Ng5 g6 14. Nxf6+ Bxf6 {1-0 (49) Zinovjev,T-Plaksin,V (2190) Alushta 2011}) 13... Ng4 1/2-1/2